000 00513nam a2200193Ia 4500
005 20140426101709.0
008 140130s9999 xx 000 0 und d
020 _a0439065054
050 _aPZ 7
_b.D2857Sa 1999
100 _aDraanen, Wendelin Van
_931283
245 _cWendelin Van Draanen.
_aSammy Reyes and the hotel thief /
260 _bScholastic,
_c1999.
_aUSA :
300 _a163 p. :
_bill. ;
_c24 cm.
440 _v1
_931174
521 _aG7
526 _c890
942 _cBK
_2lcc
999 _c41266
_d41266